000 00395nam a22001697a 4500
003 SGT
020 _a9789393330017
082 _a616.01
_bA22K
100 _aKanungo, Reba
245 _aAnanthanarayan and Paniker's Textbook of Microbiology
250 _a12th
260 _bUniversity Press
_c2022
300 _a658
650 _aMicrobiology
653 _aMicrobiology
942 _2ddc
_cBK
_03
999 _c22703
_d22703